000 00522nam a2200169 4500
001 108997
003 ES-MaACL
005 20230906184745.0
007 t|
008 061121s1969 sp r ||||1| cat d
100 1 _aMoya, Llorenç.
_983958
245 1 4 _aUna tragedia i una farsa
_b: ( Fedra, Ulisses) /
_cLlorenç Moya; prólogo de Josep María Llompart.
260 _aPalma de Mallorca :
_bMoll,
_c1969.
300 _a125 p. ;
_c16 cm.
700 1 _aLlompart, Josep M.
_972812
852 _aES-MaACL
_jC-51275
_bR.71615
999 _c108997
_d108997